MARC details
| 000 -CABECERA |
| campo de control de longitud fija |
03426nam a2200421 a 4500 |
| 001 - NÚMERO DE CONTROL |
| campo de control |
000113842 |
| 003 - IDENTIFICADOR DEL NÚMERO DE CONTROL |
| campo de control |
CHAP |
| 005 - FECHA Y HORA DE LA ÚLTIMA TRANSACCIÓN |
| campo de control |
20240416093924.0 |
| 008 - DATOS DE LONGITUD FIJA--INFORMACIÓN GENERAL |
| campo de control de longitud fija |
170929s2008 sp a |r| ||||||spa d |
| 010 ## - NÚMERO DE CONTROL DE LA BIBLIOTECA DEL CONGRESO |
| Número de control de LC |
110303 |
| 011 ## - ENLACE DEL NUMERO DE CONTROL DE LA BIBLIOTECA DEL CONGRESO [OBSOLETO] |
| Número de control de LC |
111275 |
| 020 ## - NÚMERO INTERNACIONAL ESTÁNDAR DEL LIBRO |
| Número Internacional Estándar del Libro |
9788484763633 |
| 020 ## - NÚMERO INTERNACIONAL ESTÁNDAR DEL LIBRO |
| Número Internacional Estándar del Libro |
9788484763635 (segunda edición corregida) |
| 020 ## - NÚMERO INTERNACIONAL ESTÁNDAR DEL LIBRO |
| Número Internacional Estándar del Libro |
9788484763635 ( Segunda edición corregida 2011 ) |
| 040 ## - FUENTE DE LA CATALOGACIÓN |
| Centro/agencia transcriptor |
CHAP |
| Normas de descripción |
rda |
| 082 04 - NÚMERO DE LA CLASIFICACIÓN DECIMAL DEWEY |
| Número de clasificación |
621.45 |
| Número de documento/Ítem |
E74 2008 |
| 100 1# - ENTRADA PRINCIPAL--NOMBRE DE PERSONA |
| Nombre de persona |
Escudero López, José Ma. |
| 9 (RLIN) |
37550 |
| 245 10 - MENCIÓN DE TÍTULO |
| Título |
Manual de energía eólica : |
| Resto del título |
investigación, diseño, promoción, construcción y explotación de distinto tipo de instalaciones / |
| Mención de responsabilidad, etc. |
por José Ma. Escudero López. |
| 250 ## - MENCIÓN DE EDICIÓN |
| Mención de edición |
Segunda edición |
| 264 ## - PRODUCCIÓN, PUBLICACIÓN, DISTRIBUCIÓN, FABRICACIÓN Y COPYRIGHT |
| Producción, publicación, distribución, fabricación y copyright |
España: |
| Nombre del de productor, editor, distribuidor, fabricante |
Mundi-Prensa, |
| Fecha de producción, publicación, distribución, fabricación o copyright |
2008. |
| 300 ## - DESCRIPCIÓN FÍSICA |
| Extensión |
471 p : |
| Otras características físicas |
il. |
| 504 ## - NOTA DE BIBLIOGRAFÍA, ETC. |
| Nota de bibliografía, etc. |
Incluye índice y bibliografía |
| 520 ## - SUMARIO, ETC. |
| Sumario, etc. |
Manual práctico y de consulta en el que se da respuesta a múltiples cuestiones, de forma comprensible dentro de su complejidad, sobre esta importante tecnología: ¿qué es el viento?, ¿por qué y cómo se desarrolla?, ¿cuál es sus comportamiento?, ¿dónde existe?, ¿cómo se consigue energía?, ¿para qué se utiliza?, ¿durante cuánto tiempo puede utilizarse?, ¿por qué existe tanta discusión sobre las instalaciones?, ¿por qué moviliza tanta inversión?, ¿por qué las empresas se compran o se venden a precios astronómicos?, etc.El libro está pensado y va dirigido a un amplio colectivo: profesores y estudiantes, aficionados, ecologistas, técnicos de las distintas administraciones del Estado, organizaciones privadas y públicas, investigadores, analistas de mercado, entidades financieras, instaladores, promotores de grandes y pequeñas instalaciones, inversores, empresas de mantenimiento, usuarios, productores, distribuidores y comercializadores de energía. Incorpora datos básicos sobre las instalaciones más frecuentes marcando directrices para la realización de desarrollos de futuro y para el aprovechamiento de nichos de mercados nacionales e internacionales que actualmente están en estado latente. El autor cuenta con una dilatada carrera profesional, desarrollada inicialmente en la empresa privada, posteriormente en la pública y finalmente de nuevo en la empresa privada. En el año 1978 inició su actividad en el campo de la energía eólica con proyectos de investigación de mercados y con el desarrollo del primer aerogenerador español, participando a continuación en el desarrollo y gestión de todas las actividades de introducción de la energía eólica en España, incluyendo el desarrollo de aerogeneradores de mayor potencia, formulando planes estratégicos regionales, realizando investigación de recursos eólicos en gran parte de nuestro territorio, gestión de promoción de parques eólicos, estudio de prospectiva industrial y tecnológica, desarrollo de criterios de financiación, etc.; pudiendo por tanto ser considerado pionero en esta tecnología. |
| 650 14 - PUNTO DE ACCESO ADICIONAL DE MATERIA--TÉRMINO DE MATERIA |
| Término de materia o nombre geográfico como elemento de entrada |
Energía eléctrica. |
| 9 (RLIN) |
36901 |
| 650 14 - PUNTO DE ACCESO ADICIONAL DE MATERIA--TÉRMINO DE MATERIA |
| Término de materia o nombre geográfico como elemento de entrada |
Energía eólica. |
| 9 (RLIN) |
36903 |
| 650 14 - PUNTO DE ACCESO ADICIONAL DE MATERIA--TÉRMINO DE MATERIA |
| Término de materia o nombre geográfico como elemento de entrada |
Energía renovable. |
| 9 (RLIN) |
36910 |
| 650 14 - PUNTO DE ACCESO ADICIONAL DE MATERIA--TÉRMINO DE MATERIA |
| Término de materia o nombre geográfico como elemento de entrada |
Instalaciones eléctricas. |
| 9 (RLIN) |
58971 |
| 650 14 - PUNTO DE ACCESO ADICIONAL DE MATERIA--TÉRMINO DE MATERIA |
| Término de materia o nombre geográfico como elemento de entrada |
Vientos. |
| 9 (RLIN) |
119291 |
| 942 ## - ELEMENTOS DE PUNTO DE ACCESO ADICIONAL (KOHA) |
| Fuente del sistema de clasificación o colocación |
Dewey Decimal Classification |
| 942 ## - ELEMENTOS DE PUNTO DE ACCESO ADICIONAL (KOHA) |
| Suprimir en OPAC |
0 |
| Fuente del sistema de clasificación o colocación |
Dewey Decimal Classification |
| 942 ## - ELEMENTOS DE PUNTO DE ACCESO ADICIONAL (KOHA) |
| Fuente del sistema de clasificación o colocación |
Dewey Decimal Classification |
| 942 ## - ELEMENTOS DE PUNTO DE ACCESO ADICIONAL (KOHA) |
| Fuente del sistema de clasificación o colocación |
Dewey Decimal Classification |
| 942 ## - ELEMENTOS DE PUNTO DE ACCESO ADICIONAL (KOHA) |
| Tipo de ítem Koha |
Libro |
| Fuente del sistema de clasificación o colocación |
Dewey Decimal Classification |
| 260 ## - PUBLICACIÓN, DISTRIBUCIÓN, ETC. |
| Lugar de publicación, distribución, etc. |
Madrid : |
| Nombre del editor, distribuidor, etc. |
Mundi-Prensa, |
| Fecha de publicación, distribución, etc. |
2008. |
| 590 ## - NOTA LOCAL (RLIN) |
| Nota local |
E5765TAJ |
| Procedencia (VM) [OBSOLETO] |
05 |
| Condición del los carretes individuales (VM) [OBSOLETO] |
20170929 |
| 590 ## - NOTA LOCAL (RLIN) |
| Nota local |
E5765TAJ |
| Procedencia (VM) [OBSOLETO] |
05 |
| Condición del los carretes individuales (VM) [OBSOLETO] |
20170929 |
| 901 ## - ELEMENTOS DE DATOS A LOCAL LDA (RLIN) |
| a |
BK |